LEADER 01239nam a2200277 u 4500 001 000000119430 003 CaOOAMICUS 005 20100122103937.0 008 100122s2010 vc u000 u ita r 020 $a978-88-465-0691-7 040 $aPUL$bita$dReb 245 02$aL'involucro della contemporaneitą :$bun discorso sui media /$cMassimiliano Padula (ed.) 260 $aCittą del Vaticano :$bLateran University Press,$c©2010. 300 $a204 p. ;$c19 cm. 490 1 $aStrumenti ;$v08 504 $aBibliografia p. 182-184. 650 4$aMass media e religione.$0(OLS)http://pul/subject/19308 700 1 $aPadula, Massimiliano,$d1978-$0(OLS)http://pul/name/74649 830 0$aStrumenti (Lateran University Press) ;$v08.$0(OLS)http://pul/title/139772 850 $aPUL 852 $aPUL$W1$xSL Religione 3$y85$m261. 05 COLL 1.8$j137029$qDDC 21$B136082$CPULBib$Z2$F136082 $H112436 $82 941 1 $a9 983 0$aStrumenti (LUP) 996 $6020$a978-88-465-0691-7$9(OLS)http://pul/number/143069 996 $6245$aL'involucro della contemporaneitą :$bun discorso sui media$9(OLS)http://pul/title/150263 996 $6260$aCittą del Vaticano :$bLateran University Press$9(OLS)http://pul/publisher/74585 LEADER 01209nam a2200265 u 4500 001 000000109005 003 CaOOAMICUS 005 20080111145005.0 008 080111s2007 it u000 u ita u 020 $z978-88-348-7623-7* 040 $aPUL$bita$dBc 100 1 $aMacioce, Fabio.$0(OLS)http://pul/name/59676 245 14$aUna filosofia della laicitą /$cFabio Macioce. 260 $aTorino :$bG. Giappichelli,$cc2007. 300 $a195 p. ;$c23 cm. 490 1 $aRecta Ratio : testi e studi di filosofia del diritto.$aQuinta serie ;$v17 650 4$aLaicismo.$0(OLS)http://pul/subject/33839 830 0$aRecta Ratio : testi e studi di filosofia del diritto.$nQuinta serie ;$v17.$0(OLS)http://pul/title/132078 850 $aPUL 852 $aPUL$W1$xSL Diritto e Scienze Sociali 3$y79$m340. 01 COLL 1.17$j124393$qDDC 21$B123221$CPULBib$Z2$F123221 $H106143 $82 941 1 $a9 961 $aDono e dedica autografa dell'autore a S.E. Mons. Rino Fisichella 996 $6020$z978-88-348-7623-7*$9(OLS)http://pul/number/136705 996 $6245$aUna filosofia della laicitą$9(OLS)http://pul/title/137164 996 $6260$aTorino :$bG. Giappichelli$9(OLS)http://pul/publisher/49130